Le Rouge et le blanc. (Registro nro. 324113)

Detalles MARC
000 -ENCABEZADO
Número de control [NR] 01789nam a2200253Ia 4500
005 - FECHA Y HORA DE LA ÚLTIMA TRANSACCIÓN
control field 20240422144227.0
008 - DE LONGITUD FIJA DE DATOS DE ELEMENTOS - INFORMACIÓN GENERAL
Elementos de longitud fija [NR] 130821s1929 fr fr f spa
040 ## - FUENTE DE CATALOGACION [NR]
Agencia de catalogación original [NR] Co-BoUCM
Idioma de catalogación [NR] spa
Quien Cataloga Sandra Yazo
Quien Clasifica Sandra Yazo
041 00 - CODIGO DE IDIOMA [R]
Código de idioma para texto/pista de sonido o título separado [R] Español
082 04 - NUMERO DE CLASIFICACION DECIMAL DEWEY [R]
Número de clasificación [R] 843.7
Número de la edición [NR] 20
092 ## - SIGNATURA TOPOGRAFICA LOCAL
Número de clasificación local E53N019
100 1# - ASIENTO PRINCIPAL--NOMBRE PERSONAL [NR]
Nombre personal [NR] Stendhal
Fechas asociadas con el nombre [NR] 1783-1842
Títulos u otras palabras asociadas al nombre [R] Seudónimo
Forma más completa del nombre [NR] Henri Beyle
ID Autoridad 180519
242 00 - TRADUCCION DEL TITULO POR LA AGENCIA CATALOGADORA [R]
Título [NR] Rojo y blanco.
Parte restante del título [NR] Rojo y Blanco (Lucien Leuwen). Novela póstuma (1834-1836).
Mención de responsabilidad, etc. [NR] Stemdhal. Edición definida a partir del manuscrito de Grenoble, con una Historia del texto, notas y variantes por Henri Rambaud.
245 13 - MENCION DE TITULO [NR]
Título [NR] Le Rouge et le blanc.
Parte restante del título [NR] (Lucien Leuwen). Roman Posthume (1834-1836).
Mención de responsabilidad, etc. [NR] Stemdhal. Édition établie sur le manuscrit de Grenoble avec une Histoire du texte, des Notes et des Variantes par Henri Rambaud.
260 ## - PUBLICACION, DISTRIBUCION, ETC. (PIE DE IMPRENTA) [R]
Lugar de publicación, distribución, etc. [R] París (Francia)
Nombre del editor, distribuidor, etc. [R] Éditions Bossard ; Imprimerie Ch. Hérissey [Ediciones Bossard ; Imprenta de Ch. Hérissey]
Fecha de publicación, distribución, etc. [R] 1929
300 ## - DESCRIPCION FISICA [R]
Extensión [R] 2 volumenes (iv, 455 ; 457 – 944)
Dimensiones [R] 18 x 12 cm
500 ## - NOTA GENERAL [R]
Nota general [NR] Detalles físicos: Sin encuadernación original, actualmente, encuadernación rígida (holandesa) en cartón forrado en papel; lomo de tela con letras y líneas decorativas en dorado. Guardas. Anteportada. Portada, impresa en una sola tinta; pequeño grabado con la marca tipográfica del editor (B, dentro de una portada). Texto impreso en una sola columna, con diferentes tipos y tamaños de letra. Márgenes amplios. Índice. Papel con oxidación en los bordes. Restos de cinta pegante en lomo y tapas.
505 2# - NOTA DE CONTENIDO CON FORMATO PREESTABLECIDO [R]
Nota de contenido con formato preestablecido [NR] V.1: Capítulos I al XXXVI ; V.2: Capítulos XXXVII al LXXXIII<br/>
506 ## - NOTA DE RESTRICCIONES DE ACCESO [R]
Condiciones de acceso [NR] Consulta en sala
650 #7 - ASIENTO SECUNDARIO DE MATERIA - TERMINO TEMATICO [R]
Término temático o nombre geográfico como elemento de entrada [NR] Novela francesa
9 (RLIN) 20506
650 #7 - ASIENTO SECUNDARIO DE MATERIA - TERMINO TEMATICO [R]
Término temático o nombre geográfico como elemento de entrada [NR] Literatura francesa
9 (RLIN) 7794
690 ## - ASUNTO AGREGADO LOCAL DE ENTRADA - TÉRMINO TEMÁTICO (OCLC, RLIN)
Acceso temático local Literatura europea
9 (RLIN) 26524
942 ## - ELEMENTOS DE ENTRADA AGREGADOS (KOHA)
Tipo de ítem principal el descrito en 300a Libro
Tema principal 18
Edición 1
Sistema de clasificación LOCAL
Clasificación E53N019
Existencias
Suprimido Perdido Sistema de clasificación Dañado No prestable Tipo de ítem específico Ubicación habitual Ubicación actual Localización Fecha de creación Forma de adquisición Costo Volúmen / Fascículo Total préstamos Signatura topográfica Código de barras Última vez visto Ejemplar Price effective from Tipo de ítem
    LOCAL     Libro archivo Archivo Histórico Archivo Histórico Archivo histórico 22/04/2024 Donación 0.00 V.1   E53N019 L007048 22/04/2024 Ej.1 22/04/2024 Libro
    LOCAL     Libro archivo Archivo Histórico Archivo Histórico Archivo histórico 22/04/2024 Donación 0.00 V.2   E53N019 L007049 22/04/2024 Ej.1 22/04/2024 Libro